[Event "blitzwomeanteam"]
[Site "?"]
[Date "2016.10.08"]
[Round "10.2"]
[White "Vasilevich, Tatjana"]
[Black "Ambartsumova, Karina"]
[Result "1-0"]
[LiveChessVersion "1.4.4"]
[BlackElo "2293"]
[WhiteElo "2345"]

1. d4 {[%clk 0:03:03]} d5 {[%clk 0:03:03]} 2. c4 {[%clk 0:03:04]} e6
{[%clk 0:03:04]} 3. Nc3 {[%clk 0:03:05]} Be7 {[%clk 0:03:05]} 4. Nf3
{[%clk 0:03:04]} Nf6 {[%clk 0:03:06]} 5. cxd5 {[%clk 0:03:05]} exd5
{[%clk 0:03:06]} 6. Bg5 {[%clk 0:03:05]} c6 {[%clk 0:03:00]} 7. Qc2
{[%clk 0:03:06]} g6 {[%clk 0:02:54]} 8. e3 {[%clk 0:03:04]} Bf5 {[%clk 0:02:55]}
9. Bd3 {[%clk 0:02:59]} Bxd3 10. Qxd3 {[%clk 0:03:00]} O-O {[%clk 0:02:46]} 11.
O-O {[%clk 0:02:56]} Nbd7 {[%clk 0:02:33]} 12. Rab1 {[%clk 0:02:51]} Ne4
{[%clk 0:02:29]} 13. Bh6 {[%clk 0:02:43]} Re8 {[%clk 0:02:19]} 14. Nxe4
{[%clk 0:02:11]} dxe4 {[%clk 0:02:19]} 15. Qxe4 {[%clk 0:02:12]} Nf6
{[%clk 0:01:49]} 16. Qc2 {[%clk 0:02:06]} Bd6 {[%clk 0:01:46]} 17. h3
{[%clk 0:01:56]} Ne4 {[%clk 0:01:28]} 18. h4 {[%clk 0:01:12]} Qf6
{[%clk 0:01:06]} 19. Bg5 {[%clk 0:01:05]} Qf5 {[%clk 0:01:05]} 20. Nd2
{[%clk 0:00:35]} Nxd2 {[%clk 0:00:51]} 21. Qxd2 {[%clk 0:00:36]} Kg7
{[%clk 0:00:48]} 22. f3 {[%clk 0:00:27]} f6 {[%clk 0:00:41]} 23. e4
{[%clk 0:00:26]} Qb5 {[%clk 0:00:39]} 24. Bh6+ {[%clk 0:00:27]} Kg8
{[%clk 0:00:40]} 25. Be3 {[%clk 0:00:26]} Rad8 {[%clk 0:00:40]} 26. Bf2
{[%clk 0:00:27]} a6 {[%clk 0:00:37]} 27. Rfd1 {[%clk 0:00:28]} Bb8
{[%clk 0:00:33]} 28. a3 {[%clk 0:00:28]} Qb6 {[%clk 0:00:31]} 29. Qc3
{[%clk 0:00:25]} Qc7 {[%clk 0:00:31]} 30. g3 {[%clk 0:00:25]} Qf7
{[%clk 0:00:31]} 31. Rbc1 Kg7 {[%clk 0:00:32]} 32. Qc4 {[%clk 0:00:26]} Qd7 33.
Kg2 h5 {[%clk 0:00:30]} 34. d5 {[%clk 0:00:26]} cxd5 {[%clk 0:00:29]} 35. Rxd5
{[%clk 0:00:27]} Qf7 {[%clk 0:00:27]} 36. Rcd1 {[%clk 0:00:27]} Rc8
{[%clk 0:00:20]} 37. Qb3 {[%clk 0:00:23]} Re7 {[%clk 0:00:17]} 38. Qb4
{[%clk 0:00:20]} Rce8 {[%clk 0:00:16]} 39. Bc5 {[%clk 0:00:16]} Rc7
{[%clk 0:00:15]} 40. Bb6 {[%clk 0:00:15]} Rc2+ {[%clk 0:00:16]} 41. R1d2
{[%clk 0:00:14]} Rxd2+ {[%clk 0:00:14]} 42. Qxd2 {[%clk 0:00:15]} Be5
{[%clk 0:00:14]} 43. Bc5 {[%clk 0:00:15]} Kg8 {[%clk 0:00:08]} 44. Rd7 Qb3
{[%clk 0:00:10]} 45. Qd5+ {[%clk 0:00:15]} Qxd5 {[%clk 0:00:10]} 1-0

[Event "blitzwomeanteam"]
[Site "?"]
[Date "2016.10.08"]
[Round "10.3"]
[White "Gritsayeva, Oksana"]
[Black "Nebolsina, Vera"]
[Result "0-1"]
[LiveChessVersion "1.4.4"]
[BlackElo "2226"]
[WhiteElo "2284"]

1. Nf3 {[%clk 0:03:01]} c5 {[%clk 0:03:03]} 2. g3 {[%clk 0:02:57]} b6
{[%clk 0:03:05]} 3. Bg2 {[%clk 0:02:56]} Bb7 {[%clk 0:03:07]} 4. O-O Nf6 5. c4
{[%clk 0:02:42]} e6 {[%clk 0:03:07]} 6. Nc3 {[%clk 0:02:41]} Be7 {[%clk 0:03:08]}
7. d4 {[%clk 0:02:19]} cxd4 {[%clk 0:03:09]} 8. Qxd4 {[%clk 0:02:20]} d6
{[%clk 0:03:05]} 9. Rd1 {[%clk 0:02:19]} a6 {[%clk 0:03:04]} 10. b3
{[%clk 0:02:12]} Nbd7 {[%clk 0:03:05]} 11. a4 {[%clk 0:01:45]} O-O
{[%clk 0:03:00]} 12. Ba3 {[%clk 0:01:45]} Nc5 {[%clk 0:02:58]} 13. Rab1
{[%clk 0:01:45]} Qc7 {[%clk 0:02:53]} 14. b4 {[%clk 0:01:26]} Ncd7
{[%clk 0:02:53]} 15. Rbc1 {[%clk 0:01:09]} Rac8 {[%clk 0:02:50]} 16. Nb1
{[%clk 0:01:09]} Rfd8 {[%clk 0:02:40]} 17. Bb2 {[%clk 0:01:08]} Bc6
{[%clk 0:02:34]} 18. Nc3 {[%clk 0:01:04]} Qb8 {[%clk 0:02:32]} 19. e4
{[%clk 0:00:50]} Bf8 {[%clk 0:02:23]} 20. Nd2 {[%clk 0:00:46]} Bb7
{[%clk 0:02:17]} 21. Qe3 {[%clk 0:00:43]} Ba8 {[%clk 0:02:10]} 22. h3
{[%clk 0:00:42]} Ne5 {[%clk 0:02:09]} 23. Qe2 {[%clk 0:00:41]} Ned7
{[%clk 0:01:59]} 24. Na2 {[%clk 0:00:40]} Bb7 25. Kh2 {[%clk 0:00:40]} Qa8
{[%clk 0:01:57]} 26. Nc3 {[%clk 0:00:40]} Ne5 {[%clk 0:01:52]} 27. f4
{[%clk 0:00:41]} Ng6 {[%clk 0:01:49]} 28. Qe3 {[%clk 0:00:35]} Nd7
{[%clk 0:01:42]} 29. Ne2 {[%clk 0:00:35]} Bc6 {[%clk 0:01:40]} 30. Nc3
{[%clk 0:00:34]} Bb7 {[%clk 0:01:40]} 31. Ne2 a5 {[%clk 0:01:36]} 32. b5
{[%clk 0:00:33]} Nc5 {[%clk 0:01:35]} 33. Nc3 {[%clk 0:00:34]} h5
{[%clk 0:01:29]} 34. h4 {[%clk 0:00:34]} Ne7 {[%clk 0:01:26]} 35. Qd4
{[%clk 0:00:33]} e5 {[%clk 0:01:18]} 36. Qe3 {[%clk 0:00:33]} exf4
{[%clk 0:01:17]} 37. gxf4 {[%clk 0:00:34]} Re8 {[%clk 0:01:14]} 38. Qg3
{[%clk 0:00:33]} g6 {[%clk 0:01:09]} 39. Re1 {[%clk 0:00:31]} Bg7
{[%clk 0:01:08]} 40. Bf3 {[%clk 0:00:30]} Nd3 {[%clk 0:01:07]} 41. Rb1
{[%clk 0:00:25]} Nxb2 {[%clk 0:01:08]} 42. Rxb2 {[%clk 0:00:25]} Bxc3
{[%clk 0:01:09]} 43. Rc2 {[%clk 0:00:24]} Bg7 {[%clk 0:01:10]} 44. Rg1
{[%clk 0:00:22]} Kf8 {[%clk 0:00:57]} 45. Bxh5 {[%clk 0:00:21]} Bxe4
{[%clk 0:00:54]} 46. Nxe4 {[%clk 0:00:20]} Qxe4 {[%clk 0:00:54]} 47. Re2
{[%clk 0:00:21]} Qxc4 {[%clk 0:00:51]} 48. Reg2 {[%clk 0:00:20]} Nf5
{[%clk 0:00:51]} 49. Qg5 {[%clk 0:00:16]} Bh6 {[%clk 0:00:48]} 50. Qf6
{[%clk 0:00:12]} Qxf4+ {[%clk 0:00:49]} 51. Kh1 {[%clk 0:00:12]} Ng3+
{[%clk 0:00:50]} 0-1

[Event "blitzwomeanteam"]
[Site "?"]
[Date "2016.10.08"]
[Round "10.4"]
[White "Potapova, Margarita"]
[Black "Belova, Olga"]
[Result "0-1"]
[LiveChessVersion "1.4.4"]
[BlackElo "2020"]
[WhiteElo "1965"]

1. e4 {[%clk 0:03:03]} e5 {[%clk 0:03:03]} 2. Nf3 {[%clk 0:03:03]} Nc6
{[%clk 0:03:04]} 3. Nc3 {[%clk 0:03:04]} Nf6 {[%clk 0:03:05]} 4. d4
{[%clk 0:03:05]} Bb4 {[%clk 0:03:06]} 5. d5 {[%clk 0:03:02]} Ne7 {[%clk 0:03:01]}
6. Bd3 {[%clk 0:02:59]} d6 {[%clk 0:02:53]} 7. O-O {[%clk 0:02:58]} O-O
{[%clk 0:02:53]} 8. Bg5 {[%clk 0:02:55]} Ng6 {[%clk 0:02:53]} 9. Nh4
{[%clk 0:02:52]} h6 {[%clk 0:02:28]} 10. Nxg6 {[%clk 0:02:49]} fxg6
{[%clk 0:02:29]} 11. Bh4 {[%clk 0:02:46]} g5 12. Bg3 {[%clk 0:02:47]} Bxc3
{[%clk 0:02:20]} 13. bxc3 {[%clk 0:02:48]} Bd7 {[%clk 0:02:14]} 14. Qe2
{[%clk 0:02:30]} Qe8 {[%clk 0:01:37]} 15. Rab1 {[%clk 0:02:28]} b6
{[%clk 0:01:38]} 16. Qe3 {[%clk 0:02:07]} Nh5 {[%clk 0:01:34]} 17. f3
{[%clk 0:01:37]} Nf4 {[%clk 0:01:32]} 18. Be1 {[%clk 0:01:16]} Qh5
{[%clk 0:01:18]} 19. Qd2 {[%clk 0:01:09]} g4 {[%clk 0:01:10]} 20. fxg4
{[%clk 0:01:00]} Qxg4 {[%clk 0:01:02]} 21. Bg3 {[%clk 0:00:48]} Nh5
{[%clk 0:00:50]} 22. Be2 {[%clk 0:00:44]} Qg6 {[%clk 0:00:46]} 23. Bxh5
{[%clk 0:00:41]} Qxh5 {[%clk 0:00:47]} 24. Qe3 {[%clk 0:00:38]} Qg6
{[%clk 0:00:31]} 25. Rxf8+ {[%clk 0:00:30]} Rxf8 {[%clk 0:00:31]} 26. Rf1
{[%clk 0:00:31]} Rxf1+ {[%clk 0:00:29]} 27. Kxf1 {[%clk 0:00:32]} Bb5+
{[%clk 0:00:23]} 28. Kg1 {[%clk 0:00:31]} Qg4 {[%clk 0:00:17]} 29. Qf3
{[%clk 0:00:31]} Qxf3 {[%clk 0:00:15]} 30. gxf3 {[%clk 0:00:32]} Ba4
{[%clk 0:00:15]} 31. f4 {[%clk 0:00:26]} exf4 {[%clk 0:00:14]} 32. Bxf4 Kf7
{[%clk 0:00:11]} 33. e5 {[%clk 0:00:26]} Ke7 {[%clk 0:00:12]} 34. e6
{[%clk 0:00:13]} Bxc2 {[%clk 0:00:11]} 35. Be3 {[%clk 0:00:12]} Be4
{[%clk 0:00:12]} 36. c4 {[%clk 0:00:09]} Bd3 {[%clk 0:00:10]} 37. Bd4
{[%clk 0:00:10]} Bxc4 {[%clk 0:00:10]} 38. Bxg7 {[%clk 0:00:11]} Bxd5
{[%clk 0:00:10]} 39. Bxh6 {[%clk 0:00:09]} Bxa2 {[%clk 0:00:11]} 40. h4
{[%clk 0:00:10]} Bxe6 {[%clk 0:00:11]} 41. Bg5+ {[%clk 0:00:11]} Kf7
{[%clk 0:00:12]} 42. h5 {[%clk 0:00:10]} Bg4 {[%clk 0:00:13]} 43. h6
{[%clk 0:00:11]} Bf5 {[%clk 0:00:12]} 44. Kf2 {[%clk 0:00:12]} Ke6
{[%clk 0:00:12]} 45. Bd8 {[%clk 0:00:10]} c5 {[%clk 0:00:13]} 46. Ke3
{[%clk 0:00:10]} Kd5 {[%clk 0:00:14]} 47. Bc7 {[%clk 0:00:09]} Kc6
{[%clk 0:00:14]} 48. Bd8 {[%clk 0:00:10]} a5 49. Kf4 Bh7 {[%clk 0:00:16]} 50. Kg5
{[%clk 0:00:12]} a4 {[%clk 0:00:17]} 51. Kf6 {[%clk 0:00:13]} a3 {[%clk 0:00:18]}
52. Kg7 {[%clk 0:00:14]} Bd3 {[%clk 0:00:18]} 53. h7 {[%clk 0:00:13]} Bxh7
{[%clk 0:00:19]} 54. Kxh7 {[%clk 0:00:15]} d5 {[%clk 0:00:20]} 55. Bg5
{[%clk 0:00:14]} d4 {[%clk 0:00:21]} 56. Bc1 {[%clk 0:00:15]} a2 57. Bb2 d3
{[%clk 0:00:24]} 58. Kg6 {[%clk 0:00:17]} d2 {[%clk 0:00:25]} 59. Kf5
{[%clk 0:00:17]} d1=Q {[%clk 0:00:25]} 0-1

[Event "blitzwomeanteam"]
[Site "?"]
[Date "2016.10.08"]
[Round "10.5"]
[White "Kovalevskaya, Ekaterina"]
[Black "Bodnaruk, Anastasia"]
[Result "0-1"]
[LiveChessVersion "1.4.4"]
[BlackElo "2386"]
[WhiteElo "2282"]

1. e4 {[%clk 0:03:03]} d6 {[%clk 0:03:04]} 2. d4 {[%clk 0:03:03]} g6
{[%clk 0:03:05]} 3. Nf3 Bg7 4. g3 {[%clk 0:02:56]} Nf6 {[%clk 0:03:05]} 5. Nc3
{[%clk 0:02:57]} O-O {[%clk 0:03:05]} 6. Bg2 {[%clk 0:02:58]} c6 {[%clk 0:02:49]}
7. O-O {[%clk 0:02:55]} b5 {[%clk 0:02:50]} 8. e5 {[%clk 0:02:54]} Ne8
{[%clk 0:02:30]} 9. Bf4 {[%clk 0:02:46]} Na6 {[%clk 0:02:00]} 10. Qd2
{[%clk 0:02:32]} Nac7 {[%clk 0:01:56]} 11. Rad1 {[%clk 0:02:28]} b4
{[%clk 0:01:52]} 12. Ne4 {[%clk 0:02:26]} Nd5 {[%clk 0:01:53]} 13. Bh6
{[%clk 0:02:24]} f5 {[%clk 0:01:44]} 14. exf6 {[%clk 0:02:17]} exf6
{[%clk 0:01:45]} 15. Bxg7 {[%clk 0:02:10]} Kxg7 {[%clk 0:01:46]} 16. Rfe1
{[%clk 0:01:50]} Nec7 {[%clk 0:01:39]} 17. c4 {[%clk 0:01:25]} bxc3
{[%clk 0:01:39]} 18. Nxc3 {[%clk 0:01:24]} Rb8 {[%clk 0:01:23]} 19. Nh4
{[%clk 0:01:11]} Be6 {[%clk 0:01:01]} 20. Rc1 {[%clk 0:00:47]} Qd7
{[%clk 0:00:56]} 21. b3 {[%clk 0:00:29]} f5 {[%clk 0:00:51]} 22. Nf3
{[%clk 0:00:26]} h6 {[%clk 0:00:52]} 23. h4 {[%clk 0:00:16]} f4 {[%clk 0:00:39]}
24. Nh2 {[%clk 0:00:11]} Rbe8 {[%clk 0:00:35]} 25. Ne4 {[%clk 0:00:11]} Bf5
{[%clk 0:00:19]} 26. Nc3 {[%clk 0:00:10]} Bh3 {[%clk 0:00:16]} 27. Nxd5
{[%clk 0:00:10]} Nxd5 {[%clk 0:00:14]} 28. Bxd5 {[%clk 0:00:09]} cxd5
{[%clk 0:00:12]} 29. Rxe8 {[%clk 0:00:10]} Rxe8 30. Re1 Rxe1+ {[%clk 0:00:09]}
31. Qxe1 {[%clk 0:00:13]} fxg3 {[%clk 0:00:10]} 32. fxg3 {[%clk 0:00:14]} Bf5
{[%clk 0:00:11]} 33. Nf3 {[%clk 0:00:14]} Be4 {[%clk 0:00:12]} 34. Nd2
{[%clk 0:00:15]} Qg4 {[%clk 0:00:09]} 35. Nxe4 {[%clk 0:00:15]} dxe4
{[%clk 0:00:08]} 36. Qe3 {[%clk 0:00:16]} d5 {[%clk 0:00:09]} 37. Kg2
{[%clk 0:00:16]} g5 {[%clk 0:00:08]} 38. hxg5 hxg5 39. a4 {[%clk 0:00:17]} Kg6
{[%clk 0:00:11]} 40. b4 {[%clk 0:00:18]} Qd1 {[%clk 0:00:12]} 41. Qf2
{[%clk 0:00:18]} Qd3 {[%clk 0:00:10]} 42. g4 {[%clk 0:00:18]} e3 {[%clk 0:00:11]}
43. Qf5+ {[%clk 0:00:18]} Qxf5 {[%clk 0:00:12]} 44. gxf5+ {[%clk 0:00:19]} Kxf5
{[%clk 0:00:14]} 45. Kf3 e2 46. Kxe2 {[%clk 0:00:21]} Ke4 {[%clk 0:00:16]} 47. b5
{[%clk 0:00:20]} Kxd4 {[%clk 0:00:17]} 48. Kf3 {[%clk 0:00:21]} Kc5
{[%clk 0:00:15]} 49. Kg4 {[%clk 0:00:21]} Kb4 {[%clk 0:00:11]} 50. Kxg5
{[%clk 0:00:22]} Kxa4 {[%clk 0:00:12]} 51. Kf4 {[%clk 0:00:23]} Kxb5
{[%clk 0:00:13]} 52. Ke3 {[%clk 0:00:24]} Kc4 {[%clk 0:00:15]} 53. Kd4+ 0-1

[Event "blitzwomeanteam"]
[Site "?"]
[Date "2016.10.08"]
[Round "10.6"]
[White "Ovod, Evgenija"]
[Black "Pustovoitova, Daria"]
[Result "1/2-1/2"]
[LiveChessVersion "1.4.4"]
[BlackElo "2405"]
[WhiteElo "2195"]

1. d4 {[%clk 0:03:04]} d5 {[%clk 0:03:03]} 2. c4 {[%clk 0:03:05]} c6
{[%clk 0:03:02]} 3. cxd5 {[%clk 0:03:05]} cxd5 {[%clk 0:03:03]} 4. Bf4
{[%clk 0:03:07]} Nf6 {[%clk 0:03:03]} 5. Nc3 {[%clk 0:03:07]} Nc6
{[%clk 0:03:03]} 6. e3 {[%clk 0:03:08]} a6 {[%clk 0:03:02]} 7. Bd3
{[%clk 0:03:06]} Bg4 {[%clk 0:02:57]} 8. Nge2 {[%clk 0:03:04]} Rc8
{[%clk 0:02:51]} 9. Rc1 {[%clk 0:03:02]} e6 {[%clk 0:02:50]} 10. O-O
{[%clk 0:03:01]} Be7 {[%clk 0:02:44]} 11. Na4 {[%clk 0:02:46]} Nd7
{[%clk 0:02:38]} 12. f3 {[%clk 0:02:30]} Bh5 {[%clk 0:02:38]} 13. Bg3
{[%clk 0:02:25]} O-O {[%clk 0:02:29]} 14. Nf4 {[%clk 0:02:26]} Bg6
{[%clk 0:02:30]} 15. Nxg6 {[%clk 0:02:22]} hxg6 {[%clk 0:02:30]} 16. a3
{[%clk 0:02:12]} b5 {[%clk 0:02:27]} 17. Nc5 Nxc5 {[%clk 0:01:23]} 18. dxc5
{[%clk 0:02:12]} Qa5 {[%clk 0:01:17]} 19. Be1 {[%clk 0:02:01]} b4
{[%clk 0:00:55]} 20. axb4 {[%clk 0:01:58]} Nxb4 {[%clk 0:00:56]} 21. Qb3
{[%clk 0:01:10]} Bxc5 {[%clk 0:00:57]} 22. Rxc5 {[%clk 0:01:08]} Qxc5
{[%clk 0:00:58]} 23. Bxb4 {[%clk 0:01:06]} Qxe3+ {[%clk 0:00:59]} 24. Kh1
{[%clk 0:00:51]} Rb8 {[%clk 0:00:51]} 25. Qa3 {[%clk 0:00:13]} Rxb4
{[%clk 0:00:51]} 26. Qxb4 {[%clk 0:00:09]} Qxd3 {[%clk 0:00:52]} 27. Re1
{[%clk 0:00:07]} Rc8 {[%clk 0:00:50]} 28. h3 {[%clk 0:00:08]} Rc2
{[%clk 0:00:47]} 29. Rg1 {[%clk 0:00:06]} Qb5 {[%clk 0:00:42]} 30. Qe7
{[%clk 0:00:06]} Rxb2 {[%clk 0:00:35]} 31. Qd8+ {[%clk 0:00:06]} Kh7
{[%clk 0:00:33]} 32. Qh4+ {[%clk 0:00:07]} 1/2-1/2

[Event "blitzwomeanteam"]
[Site "?"]
[Date "2016.10.08"]
[Round "10.7"]
[White "Travkina, Anastasia"]
[Black "Vasilevich, Irina"]
[Result "1-0"]
[LiveChessVersion "1.4.4"]
[BlackElo "2165"]
[WhiteElo "2168"]

1. b3 {[%clk 0:03:02]} e5 {[%clk 0:03:03]} 2. Bb2 {[%clk 0:03:03]} Nc6
{[%clk 0:03:05]} 3. d3 {[%clk 0:03:03]} d5 {[%clk 0:03:05]} 4. Nd2
{[%clk 0:03:03]} Nf6 {[%clk 0:03:05]} 5. c4 {[%clk 0:03:04]} Be6 {[%clk 0:03:02]}
6. a3 {[%clk 0:03:04]} a5 {[%clk 0:03:00]} 7. cxd5 {[%clk 0:02:58]} Bxd5
{[%clk 0:02:58]} 8. Ngf3 {[%clk 0:02:58]} Bd6 {[%clk 0:02:37]} 9. Rc1
{[%clk 0:02:50]} O-O {[%clk 0:02:35]} 10. e3 {[%clk 0:02:46]} Re8
{[%clk 0:02:32]} 11. Be2 {[%clk 0:02:47]} e4 {[%clk 0:02:26]} 12. dxe4
{[%clk 0:02:21]} Nxe4 {[%clk 0:02:19]} 13. Nc4 {[%clk 0:02:21]} Bxc4
{[%clk 0:02:11]} 14. Bxc4 {[%clk 0:02:20]} Nf6 {[%clk 0:01:50]} 15. O-O
{[%clk 0:02:15]} Ne5 {[%clk 0:01:51]} 16. Be2 {[%clk 0:01:43]} Qe7
{[%clk 0:01:44]} 17. a4 {[%clk 0:01:29]} Rad8 {[%clk 0:01:37]} 18. Qc2
{[%clk 0:01:30]} c6 {[%clk 0:01:32]} 19. Nd4 {[%clk 0:01:28]} Bb8
{[%clk 0:01:15]} 20. Nf5 {[%clk 0:01:14]} Qc7 {[%clk 0:01:11]} 21. f4
{[%clk 0:00:54]} Ned7 {[%clk 0:01:02]} 22. Rf3 {[%clk 0:00:31]} Kh8
{[%clk 0:00:17]} 23. Rg3 {[%clk 0:00:31]} Rg8 {[%clk 0:00:18]} 24. Bc4
{[%clk 0:00:30]} Rdf8 {[%clk 0:00:11]} 25. Ne7 {[%clk 0:00:30]} Qd6
{[%clk 0:00:04]} 26. Nxg8 {[%clk 0:00:29]} Kxg8 {[%clk 0:00:05]} 27. Rd1 Qe7 28.
Kh1 {[%clk 0:00:16]} Ba7 {[%clk 0:00:03]} 29. e4 {[%clk 0:00:09]} Nh5
{[%clk 0:00:05]} 30. Rg5 {[%clk 0:00:08]} g6 {[%clk 0:00:06]} 31. Qc3
{[%clk 0:00:08]} Ndf6 {[%clk 0:00:06]} 32. Rxh5 {[%clk 0:00:07]} gxh5
{[%clk 0:00:05]} 33. Qxf6 {[%clk 0:00:07]} Qxf6 {[%clk 0:00:06]} 34. Bxf6
{[%clk 0:00:08]} Re8 {[%clk 0:00:08]} 35. e5 {[%clk 0:00:09]} Bc5
{[%clk 0:00:08]} 36. h3 {[%clk 0:00:10]} Kf8 {[%clk 0:00:09]} 37. Rd7
{[%clk 0:00:10]} Rb8 {[%clk 0:00:10]} 38. Rxf7+ {[%clk 0:00:11]} Ke8
{[%clk 0:00:12]} 39. Rxh7 {[%clk 0:00:11]} 1-0

[Event "blitzwomeanteam"]
[Site "?"]
[Date "2016.10.08"]
[Round "10.8"]
[White "Maltsevskaya, Aleksandra"]
[Black "Severina, Maria"]
[Result "1/2-1/2"]
[LiveChessVersion "1.4.4"]
[BlackElo "2266"]
[WhiteElo "2046"]

1. e4 {[%clk 0:03:03]} e5 {[%clk 0:03:04]} 2. Nf3 {[%clk 0:03:03]} Nc6
{[%clk 0:03:05]} 3. Bb5 {[%clk 0:03:04]} a6 {[%clk 0:03:06]} 4. Ba4
{[%clk 0:03:05]} Nf6 {[%clk 0:03:08]} 5. O-O {[%clk 0:03:06]} Be7
{[%clk 0:03:07]} 6. Re1 {[%clk 0:03:07]} b5 {[%clk 0:03:08]} 7. Bb3
{[%clk 0:03:08]} d6 {[%clk 0:03:09]} 8. c3 {[%clk 0:03:07]} O-O {[%clk 0:03:09]}
9. h3 {[%clk 0:03:08]} Na5 {[%clk 0:03:10]} 10. Bc2 {[%clk 0:03:08]} c5
{[%clk 0:03:10]} 11. d4 {[%clk 0:03:09]} Qc7 {[%clk 0:03:12]} 12. Nbd2
{[%clk 0:03:10]} Bd7 {[%clk 0:03:11]} 13. d5 {[%clk 0:02:29]} c4 {[%clk 0:03:01]}
14. Nf1 {[%clk 0:02:23]} Nb7 {[%clk 0:03:02]} 15. Ng3 {[%clk 0:02:12]} Nc5
{[%clk 0:03:01]} 16. Nh2 {[%clk 0:01:54]} Rfc8 {[%clk 0:02:16]} 17. Ng4
{[%clk 0:01:45]} Nxg4 {[%clk 0:01:50]} 18. hxg4 {[%clk 0:01:45]} g6
{[%clk 0:01:51]} 19. Qf3 {[%clk 0:01:33]} Bf8 {[%clk 0:01:34]} 20. Kh2
{[%clk 0:01:22]} Be8 {[%clk 0:01:10]} 21. Rh1 {[%clk 0:01:18]} Qe7
{[%clk 0:01:10]} 22. Kg1 {[%clk 0:01:15]} f6 {[%clk 0:01:07]} 23. Nf1
{[%clk 0:01:03]} a5 {[%clk 0:01:06]} 24. Ne3 {[%clk 0:00:54]} Nd7
{[%clk 0:01:03]} 25. Qh3 {[%clk 0:00:54]} b4 {[%clk 0:01:00]} 26. Ba4
{[%clk 0:00:43]} Nb6 {[%clk 0:00:52]} 27. Bxe8 {[%clk 0:00:36]} Rxe8
{[%clk 0:00:54]} 28. g5 {[%clk 0:00:35]} fxg5 {[%clk 0:00:50]} 29. Ng4
{[%clk 0:00:36]} h5 {[%clk 0:00:45]} 30. Nh2 {[%clk 0:00:20]} Bg7
{[%clk 0:00:36]} 31. g4 {[%clk 0:00:19]} h4 {[%clk 0:00:30]} 32. Nf3
{[%clk 0:00:20]} Bf6 {[%clk 0:00:31]} 33. Be3 {[%clk 0:00:11]} Nd7
{[%clk 0:00:31]} 34. Qf1 {[%clk 0:00:12]} Rec8 {[%clk 0:00:18]} 35. Rc1
{[%clk 0:00:09]} Nc5 {[%clk 0:00:19]} 36. Qxc4 {[%clk 0:00:09]} bxc3
{[%clk 0:00:15]} 37. bxc3 {[%clk 0:00:09]} Rab8 {[%clk 0:00:16]} 38. Bxc5
{[%clk 0:00:09]} Rxc5 {[%clk 0:00:18]} 39. Qe2 {[%clk 0:00:08]} Rbc8
{[%clk 0:00:18]} 40. c4 {[%clk 0:00:08]} Rb8 {[%clk 0:00:19]} 41. Kg2
{[%clk 0:00:09]} Rb4 {[%clk 0:00:19]} 42. a3 {[%clk 0:00:09]} Rb3
{[%clk 0:00:20]} 43. Qc2 {[%clk 0:00:09]} Rb8 {[%clk 0:00:16]} 44. Rb1
{[%clk 0:00:10]} Rcc8 {[%clk 0:00:17]} 45. c5 {[%clk 0:00:06]} Rxb1
{[%clk 0:00:16]} 46. Rxb1 {[%clk 0:00:07]} Rxc5 {[%clk 0:00:17]} 47. Rb8+
{[%clk 0:00:08]} Kg7 {[%clk 0:00:18]} 48. Qb2 {[%clk 0:00:09]} Rc7
{[%clk 0:00:17]} 49. Ra8 {[%clk 0:00:07]} Rd7 50. Qb8 {[%clk 0:00:07]} Rd8
{[%clk 0:00:11]} 51. Qa7 {[%clk 0:00:07]} Rxa8 {[%clk 0:00:08]} 52. Qxa8 Qc7 53.
Qc6 {[%clk 0:00:06]} Qb8 {[%clk 0:00:07]} 54. Qd7+ {[%clk 0:00:07]} Kh6
{[%clk 0:00:05]} 55. Qe6 {[%clk 0:00:07]} Qd8 {[%clk 0:00:06]} 56. Ne1
{[%clk 0:00:06]} Kg7 {[%clk 0:00:05]} 57. Nc2 {[%clk 0:00:06]} Qc7
{[%clk 0:00:05]} 58. Ne3 {[%clk 0:00:07]} Qc3 1/2-1/2

[Event "blitzwomeanteam"]
[Site "?"]
[Date "2016.10.08"]
[Round "10.9"]
[White "Pogonina, Natalija"]
[Black "Sukhareva, Evgeniya"]
[Result "1-0"]
[LiveChessVersion "1.4.4"]
[BlackElo "2258"]
[WhiteElo "2402"]

1. d4 {[%clk 0:03:03]} d5 {[%clk 0:03:04]} 2. c4 {[%clk 0:03:03]} e6
{[%clk 0:03:05]} 3. Nf3 {[%clk 0:03:03]} Nf6 {[%clk 0:03:05]} 4. g3
{[%clk 0:03:04]} Be7 {[%clk 0:03:05]} 5. Bg2 {[%clk 0:03:04]} O-O
{[%clk 0:03:05]} 6. O-O {[%clk 0:03:04]} b6 {[%clk 0:03:06]} 7. b3
{[%clk 0:02:48]} Bb7 {[%clk 0:03:06]} 8. Bb2 {[%clk 0:02:49]} Na6
{[%clk 0:02:46]} 9. Ne5 {[%clk 0:02:43]} c5 {[%clk 0:02:46]} 10. Nd2
{[%clk 0:02:29]} Rc8 {[%clk 0:02:43]} 11. e3 {[%clk 0:02:19]} Qd6
{[%clk 0:02:38]} 12. cxd5 {[%clk 0:02:16]} exd5 {[%clk 0:02:33]} 13. Ndf3
{[%clk 0:02:02]} Nc7 {[%clk 0:02:24]} 14. Rc1 {[%clk 0:02:00]} Ne6
{[%clk 0:02:25]} 15. Ba3 {[%clk 0:01:55]} Rfd8 {[%clk 0:02:19]} 16. Nd3
{[%clk 0:01:49]} Qb8 {[%clk 0:02:13]} 17. Nf4 {[%clk 0:01:37]} Nxf4
{[%clk 0:02:02]} 18. exf4 {[%clk 0:01:37]} Bf8 {[%clk 0:02:01]} 19. Re1
{[%clk 0:01:32]} c4 {[%clk 0:01:40]} 20. Bxf8 Rxf8 {[%clk 0:01:41]} 21. Ne5
{[%clk 0:01:24]} cxb3 {[%clk 0:01:35]} 22. Qxb3 {[%clk 0:01:14]} Qd6
{[%clk 0:01:35]} 23. g4 {[%clk 0:00:56]} h6 {[%clk 0:01:24]} 24. g5
{[%clk 0:00:50]} hxg5 {[%clk 0:01:20]} 25. fxg5 {[%clk 0:00:51]} Nh5
{[%clk 0:00:48]} 26. Qe3 {[%clk 0:00:42]} g6 {[%clk 0:00:45]} 27. Bh3
{[%clk 0:00:35]} Rxc1 {[%clk 0:00:38]} 28. Rxc1 {[%clk 0:00:36]} Qe7
{[%clk 0:00:33]} 29. Bg4 {[%clk 0:00:33]} Ng7 {[%clk 0:00:32]} 30. Qf3
{[%clk 0:00:30]} Ne6 {[%clk 0:00:28]} 31. Bxe6 {[%clk 0:00:24]} Qxg5+
{[%clk 0:00:25]} 32. Qg4 {[%clk 0:00:15]} Qxc1+ {[%clk 0:00:22]} 33. Kg2
{[%clk 0:00:16]} Qh6 {[%clk 0:00:18]} 34. Nxg6 {[%clk 0:00:07]} fxe6
{[%clk 0:00:11]} 35. Nxf8+ {[%clk 0:00:05]} Kxf8 {[%clk 0:00:11]} 36. Qf3+
{[%clk 0:00:05]} Ke7 {[%clk 0:00:12]} 37. Qc3 {[%clk 0:00:05]} Kd7
{[%clk 0:00:11]} 38. Qa3 {[%clk 0:00:05]} Qg7+ {[%clk 0:00:11]} 39. Kh1
{[%clk 0:00:03]} Qxd4 {[%clk 0:00:12]} 40. Qxa7 {[%clk 0:00:04]} Kc7
{[%clk 0:00:13]} 41. Qa3 {[%clk 0:00:04]} Qc5 {[%clk 0:00:13]} 42. Qg3+
{[%clk 0:00:05]} d4+ {[%clk 0:00:14]} 1-0